[Event "zonal 3.3 (w)"]
[Site "Tagaytay City PHI"]
[Date "2011.05.24"]
[Round "1"]
[White "Docena, Jedara"]
[Black "Kharisma Sukandar, Irine"]
[Result "0-1"]
[WhiteElo "2035"]
[BlackElo "2362"]
[EventDate "2011.05.24"]
[PlyCount "92"]

1.e4 c5 2.Nc3 a6 3.f4 b5 4.g3 Bb7 5.Bg2 g6 6.d3 Bg7 7.Nf3 e6 8.O-O Ne7 9.
Qe2 Nbc6 10.Be3 Nd4 11.Qf2 Nxf3+ 12.Bxf3 b4 13.Ne2 d6 14.d4 c4 15.c3 a5 
16.g4 O-O 17.f5 Qd7 18.Ng3 d5 19.Bg2 f6 20.Rae1 dxe4 21.Nxe4 Bxe4 22.Bxe4 
Ra6 23.fxe6 Rxe6 24.Qg2 f5 25.Bf3 a4 26.a3 bxc3 27.bxc3 f4 28.Bf2 Rb6 29.
Bh4 Nc8 30.Qe2 Qf7 31.Qg2 Qc7 32.Qe2 Rb3 33.Bd5+ Kh8 34.Rf3 Nb6 35.Be7 
Nxd5 36.Bxf8 Bxf8 37.Qe8 Rb8 38.Qxa4 Ne3 39.h3 Qb7 40.Rfxe3 fxe3 41.Rxe3 
Qb1+ 42.Kf2 Qb2+ 43.Kf3 Qh2 44.Ke4 Qg2+ 45.Rf3 Rb7 46.Qd1 Re7+ 0-1

[Event "zonal 3.3 (w)"]
[Site "Tagaytay City PHI"]
[Date "2011.05.24"]
[Round "1"]
[White "Nguyen Thi Thanh An"]
[Black "Bernales, Christy Lamiel"]
[Result "1/2-1/2"]
[WhiteElo "2338"]
[BlackElo "2015"]
[EventDate "2011.05.24"]
[PlyCount "104"]

1.d4 Nf6 2.Nf3 d5 3.c4 c6 4.Nc3 g6 5.cxd5 cxd5 6.Bg5 Bg7 7.e3 O-O 8.Qb3 
Be6 9.Qxb7 Nbd7 10.Qb4 Rb8 11.Qa3 Qb6 12.Bb5 Rfc8 13.Bxd7 Nxd7 14.O-O Qxb2
15.Qxb2 Rxb2 16.Nd1 Rbc2 17.Bxe7 Nb6 18.Ne1 Re2 19.Nd3 Bf5 20.Nf4 Rec2 21.
a4 a5 22.f3 h6 23.h4 R8c4 24.Bd8 Nxa4 25.Nxd5 Bd3 26.Re1 Nb2 27.Nxb2 Rxb2 
28.Bxa5 Rcc2 29.Nf4 Bf5 30.Rac1 g5 31.Rxc2 Bxc2 32.hxg5 hxg5 33.Nh5 Bf8 
34.Re2 Rb1+ 35.Re1 Rb5 36.Bd2 Be7 37.g4 Rb2 38.e4 Bd3 39.Be3 f6 40.Rc1 Be2
41.Rc7 Kf8 42.e5 fxe5 43.dxe5 Bxf3 44.Nf6 Rb7 45.Nh7+ Kg8 46.Nf6+ Bxf6 47.
Rc8+ Kf7 48.exf6 Kxf6 49.Rf8+ Rf7 50.Bxg5+ Kg6 51.Be7 Rxf8 52.Bxf8 Bxg4 
1/2-1/2

[Event "zonal 3.3 (w)"]
[Site "Tagaytay City PHI"]
[Date "2011.05.24"]
[Round "1"]
[White "Bayarmaa, Bayarjargal"]
[Black "Le Thanh Tu"]
[Result "0-1"]
[WhiteElo "2012"]
[BlackElo "2328"]
[EventDate "2011.05.24"]
[PlyCount "152"]

1.d4 c5 2.d5 Nf6 3.c4 e6 4.Nc3 exd5 5.cxd5 d6 6.e4 g6 7.Nf3 a6 8.a4 Bg4 9.
h3 Bxf3 10.Qxf3 Bg7 11.Be2 O-O 12.O-O Qe7 13.Bg5 Nbd7 14.Rae1 h6 15.Bh4 
Rfe8 16.Bd1 Rab8 17.Qe2 b5 18.axb5 axb5 19.Nxb5 Qxe4 20.Qxe4 Nxe4 21.Nc7 
Rec8 22.Rxe4 Rxc7 23.b3 Nb6 24.Bg3 Rd7 25.Rfe1 Nxd5 26.Re8+ Rxe8 27.Rxe8+ 
Kh7 28.Bg4 f5 29.Bf3 Nb4 30.Be2 d5 31.Rc8 Bd4 32.Bb5 Rb7 33.Rc7+ Rxc7 34.
Bxc7 Na2 35.Bc6 Nc3 36.Ba5 Ne4 37.Bxd5 Nxf2 38.Kf1 Nd3 39.Bb6 Kg7 40.Bc7 
g5 41.Ke2 Nb4 42.Bb7 Kf6 43.Kd2 Ke6 44.Bc8+ Kf6 45.Bb7 g4 46.Bd8+ Kg6 47.
hxg4 fxg4 48.Ba5 Na2 49.Bc7 h5 50.Bf4 Kf5 51.Bc7 Nc3 52.Bc8+ Ke4 53.Bb7+ 
Nd5 54.Bg3 Bg1 55.Bb8 Kd4 56.Bg3 Be3+ 57.Ke2 Nc3+ 58.Ke1 Ne4 59.Bh4 Ke5 
60.Ke2 Bg1 61.Kd3 c4+ 62.Kxc4 Nd6+ 63.Kb4 Nxb7 64.Kb5 Kd5 65.b4 Nd6+ 66.
Ka5 Kc4 67.Bg3 Nb5 68.Bh4 Be3 69.Be7 Bf2 70.Bf6 h4 71.Bg5 h3 72.gxh3 gxh3 
73.Bf4 Be1 74.Ka4 Bxb4 75.Bd2 Nc3+ 76.Bxc3 Bxc3 0-1

[Event "zonal 3.3 (w)"]
[Site "Tagaytay City PHI"]
[Date "2011.05.24"]
[Round "1"]
[White "Hoang Thi Bao Tram"]
[Black "Fronda, Jan Jodilyn"]
[Result "1/2-1/2"]
[WhiteElo "2325"]
[BlackElo "2011"]
[EventDate "2011.05.24"]
[PlyCount "84"]

1.d4 d5 2.c4 c6 3.Nc3 Nf6 4.Nf3 dxc4 5.a4 Bf5 6.e3 e6 7.Bxc4 Bb4 8.O-O O-O
9.Qb3 Qe7 10.Ne5 Bd6 11.f3 c5 12.Nb5 cxd4 13.exd4 Nbd7 14.Nxd6 Qxd6 15.Qe3
Rfd8 16.b3 Nb6 17.Bb2 Nfd5 18.Qf2 Nf4 19.Qe3 Nfd5 20.Qd2 a5 21.Rfd1 Qb4 
22.g4 Qxd2 23.Rxd2 Bg6 24.h4 f6 25.Nxg6 hxg6 26.Bd3 Kf7 27.Kf2 Rac8 28.Re1
Nb4 29.Bb5 N6d5 30.Bc4 Rc6 31.Ba3 Nb6 32.Bb5 Rc3 33.Bxb4 axb4 34.a5 Nd5 
35.Bc4 Ra8 36.Ra2 b5 37.Bxd5 exd5 38.Re3 Rc6 39.Rae2 Rc7 40.Ra2 Rc6 41.
Rae2 Rc7 42.Ra2 Rc6 1/2-1/2

[Event "zonal 3.3 (w)"]
[Site "Tagaytay City PHI"]
[Date "2011.05.24"]
[Round "1"]
[White "Nguyen Thi Mai Hung"]
[Black "Chan Wei Yi, Victoria"]
[Result "1-0"]
[WhiteElo "2309"]
[BlackElo "1955"]
[EventDate "2011.05.24"]
[PlyCount "107"]

1.d4 Nf6 2.Bf4 g6 3.e3 Bg7 4.Nf3 O-O 5.Be2 d6 6.O-O Nc6 7.h3 Qe8 8.c4 e5 
9.Bh2 Ne4 10.d5 Ne7 11.Nbd2 Nxd2 12.Qxd2 a5 13.c5 f5 14.cxd6 cxd6 15.Rac1 
Qd8 16.Qc2 h6 17.Rfd1 g5 18.Qb3 Ng6 19.Nd2 e4 20.Nc4 f4 21.Qb6 Qxb6 22.
Nxb6 Rb8 23.Nxc8 Rbxc8 24.Rxc8 Rxc8 25.Bh5 Ne5 26.exf4 gxf4 27.Bxf4 Rc2 
28.Rd2 Rxd2 29.Bxd2 Nc4 30.Be1 Bxb2 31.Be2 b5 32.a4 Nb6 33.Bxb5 Kg7 34.
Bxa5 Nxd5 35.Bc6 Nc3 36.Bc7 Ba3 37.a5 Bc5 38.Kf1 Kf7 39.Bb8 Ke7 40.a6 d5 
41.a7 Bxa7 42.Bxa7 Kd6 43.Be8 Ke5 44.Be3 d4 45.Bxh6 Kd5 46.Bf7+ Kc5 47.
Bf8+ Kb5 48.Ke1 Na4 49.Be8+ Ka5 50.Bxa4 Kxa4 51.h4 Kb3 52.h5 Kc2 53.h6 d3 
54.Bb4 1-0

[Event "zonal 3.3 (w)"]
[Site "Tagaytay City PHI"]
[Date "2011.05.24"]
[Round "1"]
[White "Febriana, Nita Nurmala"]
[Black "Le Kieu Thien Kim"]
[Result "0-1"]
[WhiteElo "1955"]
[BlackElo "2221"]
[EventDate "2011.05.24"]
[PlyCount "78"]

1.e4 Nf6 2.e5 Nd5 3.d4 d6 4.exd6 cxd6 5.Nf3 g6 6.Bc4 Nb6 7.Bb3 Bg7 8.O-O 
O-O 9.Re1 Nc6 10.c3 Bf5 11.Nbd2 e5 12.dxe5 dxe5 13.Nc4 Qxd1 14.Rxd1 Nxc4 
15.Bxc4 e4 16.Nd4 Nxd4 17.cxd4 Rac8 18.Bb3 Bg4 19.Re1 Bxd4 20.Rxe4 Rfe8 
21.Rxe8+ Rxe8 22.Bf4 Bxb2 23.Rb1 Bf5 24.Rd1 Kg7 25.h3 h5 26.Be3 b6 27.Ba4 
Rc8 28.f3 Bf6 29.Kf2 Be6 30.Rd2 Rc3 31.Bc2 Ra3 32.Bb1 Bh4+ 33.g3 Bxg3+ 34.
Kxg3 Rxe3 35.a4 Ra3 36.Rd4 Ra1 37.Rb4 Bd7 38.Bc2 Rg1+ 39.Kf2 Rc1 0-1

[Event "zonal 3.3 (w)"]
[Site "Tagaytay City PHI"]
[Date "2011.05.24"]
[Round "1"]
[White "Hoang Thi Nhu Y"]
[Black "Dwijayanti, Kadek Iin"]
[Result "1/2-1/2"]
[WhiteElo "2220"]
[BlackElo "1919"]
[EventDate "2011.05.24"]
[PlyCount "60"]

1.d4 d5 2.Nf3 c6 3.Bf4 Nf6 4.e3 Bf5 5.h3 e6 6.Nbd2 h6 7.c4 Bd6 8.Ne5 Ne4 
9.a3 Nxd2 10.Qxd2 dxc4 11.Bxc4 O-O 12.O-O Qe7 13.Rfe1 Nd7 14.Nxd7 Qxd7 15.
Bxd6 Qxd6 16.Rad1 Be4 17.Qc3 Rfd8 18.Ba2 Qe7 19.f3 Bg6 20.Rc1 Qg5 21.Kh2 
Rac8 22.b4 Qe7 23.Qc5 Qc7+ 24.Kg1 b6 25.Qc3 Qg3 26.Re2 Bf5 27.Qe1 Qd6 28.
Qc3 Qg3 29.Qe1 Qd6 30.Qc3 Qg3 1/2-1/2

[Event "zonal 3.3 (w)"]
[Site "Tagaytay City PHI"]
[Date "2011.05.24"]
[Round "1"]
[White "Verdiana, Norasya"]
[Black "Camacho, Chardine Cheradee"]
[Result "0-1"]
[WhiteElo "1915"]
[BlackElo "2203"]
[EventDate "2011.05.24"]
[PlyCount "128"]

1.e4 e6 2.d4 d5 3.Nc3 Bb4 4.e5 c5 5.a3 Bxc3+ 6.bxc3 Qa5 7.Bd2 Qa4 8.Qb1 c4
9.Ne2 Nc6 10.Ng3 Nge7 11.Be2 Bd7 12.Ra2 O-O-O 13.O-O Rdf8 14.Nh5 Rhg8 15.
Bg5 Nf5 16.h3 h6 17.Bd2 f6 18.exf6 g6 19.Ng3 Rxf6 20.Rb2 b6 21.Nxf5 gxf5 
22.Bf3 Qxa3 23.Ra2 Qd6 24.Re1 Rfg6 25.Kh1 h5 26.Qc1 Qf8 27.Bf4 Qg7 28.Rg1 
h4 29.Qa3 Be8 30.Rb2 Qb7 31.Rbb1 R6g7 32.Rbe1 Bf7 33.Qc1 a5 34.Qb2 b5 35.
Rb1 b4 36.cxb4 axb4 37.Bd6 Kd7 38.Bxb4 Nxb4 39.Qxb4 Qxb4 40.Rxb4 Rc8 41.
Ra1 Rc7 42.Kh2 Bg6 43.Ra6 f4 44.c3 Bf5 45.Rb8 Ke7 46.Rbb6 Rd7 47.Bg4 Rxg4 
48.hxg4 Bxg4 49.Ra8 Bf5 50.f3 Kf6 51.Raa6 Rh7 52.Ra5 Kg5 53.Ra8 h3 54.Rg8+
Kf6 55.Rf8+ Kg5 56.Rxf5+ Kxf5 57.gxh3 Ra7 58.h4 Ra2+ 59.Kg1 Rc2 60.h5 Rxc3
61.Kf2 Rc2+ 62.Kg1 Ra2 63.Rc6 Ra7 64.Rc8 Rh7 0-1

[Event "zonal 3.3 (w)"]
[Site "Tagaytay City PHI"]
[Date "2011.05.24"]
[Round "1"]
[White "Uuganbayar, Lkhamsuren"]
[Black "Suede, Mikee Charlene"]
[Result "1-0"]
[WhiteElo "2159"]
[BlackElo "1902"]
[EventDate "2011.05.24"]
[PlyCount "93"]

1.e4 e6 2.d4 d5 3.Nd2 c5 4.Ngf3 Nc6 5.exd5 exd5 6.Bb5 Bd7 7.Qe2+ Qe7 8.
Qxe7+ Bxe7 9.dxc5 Bxc5 10.Nb3 Bb6 11.O-O Nf6 12.Re1+ Ne4 13.Be3 Bxe3 14.
Rxe3 O-O 15.Rd1 Be6 16.Nbd4 Rac8 17.c3 Rfe8 18.Bd3 Bg4 19.Be2 Nd6 20.Rxe8+
Rxe8 21.Kf1 Ne4 22.Nc2 Rd8 23.Ne3 Be6 24.Nd4 Kf8 25.f3 Nd6 26.f4 g6 27.g4 
Ke7 28.Bf3 Nxd4 29.Rxd4 Nc4 30.Nxc4 dxc4 31.Rxd8 Kxd8 32.Bxb7 Bxg4 33.Bd5 
Be6 34.Bxe6 fxe6 35.Ke2 Ke7 36.Ke3 Kf6 37.Ke4 h6 38.b3 cxb3 39.axb3 g5 40.
fxg5+ hxg5 41.b4 e5 42.c4 Ke6 43.c5 a6 44.h3 Kf6 45.Kd5 e4 46.Kxe4 Ke6 47.
Kd4 1-0

[Event "zonal 3.3 (w)"]
[Site "Tagaytay City PHI"]
[Date "2011.05.24"]
[Round "1"]
[White "Lo Yin Ling, Melissa"]
[Black "Enkhtuul, Altanulzii"]
[Result "0-1"]
[WhiteElo "1874"]
[BlackElo "2154"]
[EventDate "2011.05.24"]
[PlyCount "90"]

1.d4 Nf6 2.c4 c5 3.d5 b5 4.cxb5 a6 5.bxa6 Bxa6 6.Nf3 d6 7.g3 g6 8.Bg2 Bg7 
9.O-O O-O 10.Nc3 Nbd7 11.Re1 Qb6 12.Qc2 Rfb8 13.e4 Ne8 14.b3 Nc7 15.Na4 
Qa7 16.Bb2 Nf6 17.Nc3 Bc8 18.Nd2 Ng4 19.Nc4 Bd4 20.Nd1 Nb5 21.h3 Ne5 22.
Nde3 Bxb2 23.Nxb2 Nd4 24.Qd1 Bxh3 25.Nbc4 Nxc4 26.Nxc4 Bxg2 27.Kxg2 Qd7 
28.Rh1 h5 29.Rh4 Kg7 30.Qd2 Rxb3 31.Ne3 Rbb8 32.Rah1 Rh8 33.Qc3 Qa4 34.g4 
hxg4 35.Nf5+ gxf5 36.Qe3 Nf3 37.Rxh8 Rxh8 38.Rxh8 Kxh8 39.Qh6+ Kg8 40.exf5
Qe4 41.f6 Nh4+ 42.Kf1 Qh1+ 43.Ke2 Qf3+ 44.Ke1 Qxf6 45.Qc1 Qe5+ 0-1

[Event "zonal 3.3 (w)"]
[Site "Tagaytay City PHI"]
[Date "2011.05.24"]
[Round "1"]
[White "Pham Thi Thu Hien"]
[Black "Neo Xiuwen, Christabel"]
[Result "1-0"]
[WhiteElo "2117"]
[BlackElo "1869"]
[EventDate "2011.05.24"]
[PlyCount "85"]

1.c4 c5 2.g3 Nf6 3.Nc3 e6 4.Bg2 Be7 5.e4 Nc6 6.Nge2 O-O 7.O-O Rb8 8.d4 
cxd4 9.Nxd4 d6 10.b3 Nd7 11.Bb2 Nc5 12.Nce2 a6 13.Bc3 e5 14.Nc2 b5 15.Ne3 
Bg5 16.f4 Bh6 17.cxb5 axb5 18.Nd5 b4 19.Bd2 Ba6 20.Be3 Ne6 21.Rf2 Ne7 22.
Rc1 Nxd5 23.exd5 Nc7 24.Qd2 Bxe2 25.Rxe2 exf4 26.Bxf4 Bxf4 27.Qxf4 Nb5 28.
Qxb4 Qg5 29.Qf4 Qd8 30.Rc6 Qa5 31.Rd2 Rbe8 32.Qf2 Re5 33.h4 Rfe8 34.Kh2 
Rf5 35.Qxf5 Qxd2 36.Rc8 Qe2 37.Qd7 Kf8 38.a4 Nd4 39.Qxd6+ Kg8 40.Rxe8+ 
Qxe8 41.Qb4 Nc2 42.Qe4 Qc8 43.Bh3 1-0

[Event "zonal 3.3 (w)"]
[Site "Tagaytay City PHI"]
[Date "2011.05.24"]
[Round "1"]
[White "Frayna, Janelle Mae"]
[Black "Lindiawati, Evi"]
[Result "1/2-1/2"]
[WhiteElo "1830"]
[BlackElo "2106"]
[EventDate "2011.05.24"]
[PlyCount "71"]

1.c4 Nf6 2.g3 g6 3.Bg2 Bg7 4.Nc3 O-O 5.e4 e5 6.Nge2 Nc6 7.O-O d6 8.d3 Be6 
9.Nd5 Nd7 10.Be3 Nd4 11.Nxd4 exd4 12.Bd2 Ne5 13.Qb3 c6 14.Nf4 Bc8 15.Ne2 
Qb6 16.Qa3 Bg4 17.Ba5 Qa6 18.f3 Be6 19.f4 Nxc4 20.dxc4 Bxc4 21.Nc1 b6 22.
Bb4 Bxf1 23.Bxf1 Qxa3 24.Bxa3 c5 25.Nd3 b5 26.b3 c4 27.bxc4 bxc4 28.Nf2 d3
29.Rc1 Rfc8 30.Bxd6 Bd4 31.Bb4 Be3 32.Re1 Bd4 33.Rc1 Be3 34.Re1 Bd4 35.Rc1
Be3 36.Re1 1/2-1/2

[Event "zonal 3.3 (w)"]
[Site "Tagaytay City PHI"]
[Date "2011.05.24"]
[Round "1"]
[White "Jose, Rulp Ylem"]
[Black "Jargalmaa, Sarantuya"]
[Result "1-0"]
[WhiteElo "2071"]
[BlackElo "1801"]
[EventDate "2011.05.24"]
[PlyCount "91"]

1.e4 c5 2.Nc3 Nc6 3.Bc4 d6 4.f4 Nf6 5.Nf3 e6 6.O-O d5 7.exd5 exd5 8.Bb5 
Be7 9.Ne5 Bd7 10.Qf3 a6 11.Bxc6 Bxc6 12.d3 O-O 13.Bd2 Rc8 14.Rae1 Re8 15.
f5 Qb6 16.b3 c4+ 17.Kh1 cxb3 18.cxb3 Bb4 19.Qf4 d4 20.Nc4 Qc5 21.Ne4 Bxe4 
22.dxe4 b5 23.Bxb4 Qxb4 24.a3 Qc5 25.Nd2 Qe5 26.Qh4 Nd7 27.Nf3 Qc5 28.b4 
Qe7 29.Qf4 Rc4 30.Qd2 Ne5 31.Nxe5 Qxe5 32.h3 f6 33.Rf3 Rec8 34.Qa2 Kf8 35.
Rd3 Ke7 36.Qe2 g6 37.Qg4 Rc1 38.Red1 Rxd1+ 39.Rxd1 g5 40.Qh5 Qxe4 41.Qxh7+
Kd6 42.Qa7 d3 43.Qxa6+ Ke7 44.Qxc8 Qe2 45.Qe6+ Qxe6 46.fxe6 1-0

[Event "zonal 3.3 (w)"]
[Site "Tagaytay City PHI"]
[Date "2011.05.25"]
[Round "2"]
[White "Kharisma Sukandar, Irine"]
[Black "Pham Thi Thu Hien"]
[Result "1-0"]
[WhiteElo "2362"]
[BlackElo "2117"]
[EventDate "2011.05.24"]
[PlyCount "141"]

1.e4 e5 2.Nf3 d6 3.d4 exd4 4.Nxd4 Nf6 5.Nc3 Be7 6.Be2 O-O 7.O-O Bd7 8.f4 
Nc6 9.Be3 Re8 10.Bf3 Bf8 11.Re1 Nxd4 12.Bxd4 c5 13.Bf2 Qc7 14.Bh4 Bc6 15.
Bxf6 gxf6 16.Bg4 Rad8 17.Bf5 Bg7 18.Qg4 h6 19.Re3 Kh8 20.Rg3 Rg8 21.Rd1 c4
22.Qh5 b5 23.Nd5 Bxd5 24.Rxd5 a6 25.Qf3 Qa5 26.Rd1 Qb4 27.Qh5 Qc5+ 28.Kh1 
Qc7 29.Qf3 Qe7 30.Rh3 Rge8 31.Rd5 Rb8 32.Qd1 Rb6 33.Qd4 Rc6 34.Qd2 Rc5 35.
Ra3 Rc6 36.h3 Rb8 37.Rg3 Rg8 38.Qd1 Rb6 39.Qh5 Rc6 40.Qf3 Rc5 41.Rd1 Re8 
42.Qg4 Rg8 43.Qh4 Bf8 44.Rxg8+ Kxg8 45.Re1 Bg7 46.Rd1 Bf8 47.Qg3+ Bg7 48.
Qa3 Rc6 49.Qa5 Bf8 50.a4 Qc7 51.Qc3 Bg7 52.axb5 axb5 53.Ra1 Qb7 54.Qa5 Rb6
55.Ra3 Qb8 56.Qd2 Qb7 57.Qd1 Ra6 58.Rf3 Qa7 59.Rf1 Qc5 60.Qg4 Ra2 61.Kh2 
b4 62.Rf3 Ra1 63.Kg3 Ra8 64.Qh5 Qc7 65.Kh2 Kh8 66.e5 fxe5 67.Be4 Re8 68.
Qf5 Kg8 69.Rg3 Kf8 70.Qh7 Bf6 71.Bd5 1-0

[Event "zonal 3.3 (w)"]
[Site "Tagaytay City PHI"]
[Date "2011.05.25"]
[Round "2"]
[White "Le Thanh Tu"]
[Black "Jose, Rulp Ylem"]
[Result "1-0"]
[WhiteElo "2328"]
[BlackElo "2071"]
[EventDate "2011.05.24"]
[PlyCount "125"]

1.Nf3 Nf6 2.c4 c5 3.g3 b6 4.Bg2 Bb7 5.O-O e6 6.Nc3 Be7 7.d4 cxd4 8.Qxd4 
Nc6 9.Qf4 O-O 10.Rd1 Qc8 11.b3 Bb4 12.Bb2 Ne7 13.Nb5 Ng6 14.Qc7 d5 15.a3 
Be7 16.Ne5 Qxc7 17.Nxc7 Rac8 18.Nb5 a6 19.Nxg6 hxg6 20.Nc3 Rfd8 21.Rd2 Ba8
22.cxd5 Nxd5 23.Nxd5 Bxd5 24.Rxd5 Rxd5 25.Bxd5 exd5 26.Rc1 Rxc1+ 27.Bxc1 
f6 28.e3 Kf7 29.Kf1 Ke6 30.Ke2 g5 31.h3 Kf5 32.g4+ Ke6 33.Bb2 Bd6 34.Kd3 
b5 35.a4 g6 36.axb5 axb5 37.Bc3 f5 38.Ba5 Be7 39.Kd4 f4 40.Bc7 Kd7 41.Bb8 
Kc6 42.exf4 gxf4 43.Bxf4 Bc5+ 44.Kd3 Bxf2 45.Bg5 Kd6 46.h4 Ke6 47.h5 gxh5 
48.gxh5 d4 49.Ke4 Bg1 50.Bf4 Kf6 51.h6 Kg6 52.Kf3 Kh7 53.Kg2 Be3 54.Bxe3 
dxe3 55.Kf3 Kxh6 56.Kxe3 Kg6 57.Kd4 Kf5 58.Kc5 Ke5 59.Kxb5 Kd4 60.b4 Kd5 
61.Kb6 Kd6 62.b5 Kd7 63.Ka7 1-0

[Event "zonal 3.3 (w)"]
[Site "Tagaytay City PHI"]
[Date "2011.05.25"]
[Round "2"]
[White "Le Kieu Thien Kim"]
[Black "Sihite, Chelsie Monica"]
[Result "1-0"]
[WhiteElo "2221"]
[BlackElo "2039"]
[EventDate "2011.05.24"]
[PlyCount "55"]

1.d4 Nf6 2.Nf3 e6 3.e3 b6 4.Bd3 Bb7 5.Nbd2 c5 6.O-O Nc6 7.b3 Be7 8.Bb2 O-O
9.a3 Qc7 10.c4 cxd4 11.exd4 d5 12.Rc1 Qf4 13.Re1 Rfd8 14.Nf1 Rac8 15.Ne3 
dxc4 16.bxc4 Na5 17.Ne5 Bd6 18.g3 Qh6 19.N3g4 Nxg4 20.Nxg4 Qg5 21.h4 Qe7 
22.d5 Bxa3 23.Nh6+ Kf8 24.Nf5 exf5 25.Rxe7 Bxe7 26.Qh5 h6 27.Qxf5 Nb3 28.
Qh7 1-0

[Event "zonal 3.3 (w)"]
[Site "Tagaytay City PHI"]
[Date "2011.05.25"]
[Round "2"]
[White "Camacho, Chardine Cheradee"]
[Black "Citra, Dewi Andhiani Anastasia"]
[Result "1/2-1/2"]
[WhiteElo "2203"]
[BlackElo "1994"]
[EventDate "2011.05.24"]
[PlyCount "64"]

1.e4 c5 2.Nf3 d6 3.d4 cxd4 4.Nxd4 Nf6 5.Nc3 e6 6.g3 a6 7.Bg2 Be7 8.O-O O-O
9.Nce2 Qc7 10.b3 e5 11.Nf5 Bxf5 12.exf5 d5 13.Bg5 Nbd7 14.c4 dxc4 15.Rc1 
Nb6 16.bxc4 Nbd7 17.Nc3 Ba3 18.Rb1 Qxc4 19.Qb3 Qxb3 20.Rxb3 Bc5 21.Bxb7 
Ra7 22.Na4 Rb8 23.Bxf6 gxf6 24.Bd5 Rxb3 25.Bxb3 Rc7 26.Nxc5 Nxc5 27.Rc1 
Kf8 28.Kf1 Ke7 29.Ke2 Ne6 30.Rxc7+ Nxc7 31.a4 Ne8 32.g4 a5 1/2-1/2

[Event "zonal 3.3 (w)"]
[Site "Tagaytay City PHI"]
[Date "2011.05.25"]
[Round "2"]
[White "Mendoza, Beverly"]
[Black "Uuganbayar, Lkhamsuren"]
[Result "0-1"]
[WhiteElo "2040"]
[BlackElo "2159"]
[EventDate "2011.05.24"]
[PlyCount "100"]

1.e4 e6 2.d4 d5 3.e5 c5 4.c3 Qb6 5.Nf3 Nc6 6.a3 Nh6 7.b4 cxd4 8.cxd4 Nf5 
9.Bb2 Be7 10.Be2 Bd7 11.O-O Rc8 12.Ra2 O-O 13.Bc3 Qd8 14.Qd2 a6 15.Bd3 Nh4
16.Nxh4 Bxh4 17.Qe2 f5 18.f4 Qb6 19.Qe3 Na7 20.g4 fxg4 21.Rg2 h5 22.h3 g3 
23.Be1 Bb5 24.Bxg3 Bxd3 25.Qxd3 Bxg3 26.Rxg3 Nb5 27.Qg6 Qxd4+ 28.Kh2 Rf7 
29.Rg2 Rc6 30.Qxh5 Nc7 31.Qh4 Ne8 32.Rff2 Rc1 33.Nd2 Qa1 34.Nf3 Rh1+ 35.
Kg3 Qxa3 36.Qd8 Kf8 37.Kg4 Qd3 38.Ng5 Qf5+ 39.Kg3 Rc7 40.Rf3 Rhc1 41.b5 
axb5 42.Ra2 Rg1+ 43.Kf2 Rcc1 44.Qd7 Rcf1+ 45.Ke2 Rxg5 46.Ra8 Qe4+ 47.Re3 
Re1+ 48.Kxe1 Qxe3+ 49.Kd1 Rg1+ 50.Kc2 Rg2+ 0-1

[Event "zonal 3.3 (w)"]
[Site "Tagaytay City PHI"]
[Date "2011.05.25"]
[Round "2"]
[White "Bernales, Christy Lamiel"]
[Black "Li Ruofan"]
[Result "1/2-1/2"]
[WhiteElo "2015"]
[BlackElo "2423"]
[EventDate "2011.05.24"]
[PlyCount "131"]

1.e4 c5 2.Nc3 Nc6 3.f4 g6 4.Nf3 Bg7 5.Bb5 Nd4 6.O-O e6 7.Nxd4 cxd4 8.Ne2 
Ne7 9.Qe1 O-O 10.Qf2 f5 11.d3 a6 12.Ba4 b5 13.Bb3 a5 14.a4 bxa4 15.Rxa4 
fxe4 16.dxe4 Ba6 17.Rd1 Bb5 18.Ra3 Nc6 19.c3 d3 20.Ng3 a4 21.Ba2 Na5 22.
Qc5 Qb8 23.f5 Rc8 24.Qf2 Nc4 25.Bxc4 Bxc4 26.f6 Bf8 27.f7+ Kg7 28.Bf4 Qb5 
29.Rf1 d2 30.Rd1 Bxa3 31.bxa3 Rf8 32.Qd4+ Kxf7 33.Bh6 Rg8 34.Rxd2 d5 35.
Rf2+ Ke8 36.Qf6 Qd7 37.Bf8 Ra6 38.Bb4 Qc7 39.Qh4 Qg7 40.Qg5 Rc6 41.Qf4 Kd7
42.Ne2 Bxe2 43.Rxe2 d4 44.Qd2 Rgc8 45.e5 Rc4 46.Qd1 Ke8 47.Rf2 R8c6 48.Qf1
Rxb4 49.cxb4 d3 50.Qxd3 Qxe5 51.g3 Rc1+ 52.Kg2 Qd5+ 53.Qxd5 exd5 54.Rd2 
Rc3 55.Rxd5 Rxa3 56.Ra5 Ke7 57.Ra6 Ra2+ 58.Kh3 a3 59.b5 h5 60.Rxg6 Rb2 61.
Ra6 a2 62.g4 hxg4+ 63.Kxg4 Rxh2 64.Kf4 Rb2 65.Ke4 Rxb5 66.Rxa2 1/2-1/2

[Event "zonal 3.3 (w)"]
[Site "Tagaytay City PHI"]
[Date "2011.05.25"]
[Round "2"]
[White "Dwijayanti, Kadek Iin"]
[Black "Hoang Thi Bao Tram"]
[Result "0-1"]
[WhiteElo "1919"]
[BlackElo "2325"]
[EventDate "2011.05.24"]
[PlyCount "92"]

1.e4 c6 2.d4 d5 3.exd5 cxd5 4.c4 Nf6 5.Nc3 e6 6.Nf3 Bb4 7.Bd3 dxc4 8.Bxc4 
O-O 9.O-O a6 10.a3 Be7 11.h3 b5 12.Ba2 Bb7 13.Ne5 Nc6 14.Nxc6 Bxc6 15.Be3 
Qd7 16.Rc1 Rfd8 17.Qe2 Qb7 18.f4 g6 19.Qf2 a5 20.Bb1 b4 21.axb4 axb4 22.
Ne2 Nd5 23.Bd2 Qd7 24.Rfe1 Nf6 25.Ng3 Rac8 26.Be3 Nd5 27.Bd2 Bh4 28.Red1 
Nf6 29.Kh2 Qd6 30.Qe3 Qd5 31.Qf2 Qb3 32.Qe3 Qxb2 33.Ne2 Nd5 34.Qd3 Qa3 35.
Qxa3 bxa3 36.Bd3 Ba4 37.Rxc8 Rxc8 38.Ra1 Be7 39.Bc1 Bc2 40.Ba6 Ra8 41.Bc4 
Nb6 42.Ba2 Bb4 43.Be3 Bd3 44.Ng1 Bc3 45.Re1 Bc4 46.Bb1 a2 0-1

[Event "zonal 3.3 (w)"]
[Site "Tagaytay City PHI"]
[Date "2011.05.25"]
[Round "2"]
[White "Fronda, Jan Jodilyn"]
[Black "Hoang Thi Nhu Y"]
[Result "0-1"]
[WhiteElo "2011"]
[BlackElo "2220"]
[EventDate "2011.05.24"]
[PlyCount "126"]

1.e4 c6 2.d4 d5 3.Nc3 g6 4.Bf4 dxe4 5.Nxe4 Bg7 6.c3 Nd7 7.Bc4 Nb6 8.Bb3 
Nd5 9.Be5 Ngf6 10.Bxf6 exf6 11.Ne2 f5 12.Nc5 O-O 13.O-O b6 14.Nd3 Bb7 15.
Nef4 Nxf4 16.Nxf4 Qd6 17.Qf3 Rab8 18.Qg3 c5 19.Ne2 Qxg3 20.hxg3 Ba6 21.
Rfe1 Rfe8 22.Nf4 cxd4 23.cxd4 Bxd4 24.Rxe8+ Rxe8 25.Rd1 Bc5 26.Rd7 Re1+ 
27.Kh2 Re7 28.Rd2 Kg7 29.Nh3 h6 30.a3 Bb5 31.Nf4 Rd7 32.Rxd7 Bxd7 33.Nd3 
Bd4 34.Bc4 b5 35.Bb3 Kf6 36.Kg1 Be6 37.Bc2 Ke7 38.Kf1 Kd6 39.Ke2 a5 40.b3 
g5 41.f3 Bc3 42.Kf2 Kd5 43.Ke3 Bf6 44.Kd2 Kd4 45.Nc1 Be5 46.Ne2+ Kc5 47.
Kc1 h5 48.Kb1 Bd5 49.Bxf5 Bxb3 50.Nc1 Bc4 51.Nd3+ Kd4 52.Nf2 Bxg3 53.Ne4 
Bd3+ 54.Ka2 Bf4 55.Bd7 Bc4+ 56.Kb2 Ke3 57.Kc3 Be5+ 58.Kc2 b4 59.axb4 axb4 
60.Ba4 f6 61.Kd1 Bf1 62.g4 hxg4 63.Nd2 Be2+ 0-1

[Event "zonal 3.3 (w)"]
[Site "Tagaytay City PHI"]
[Date "2011.05.25"]
[Round "2"]
[White "Jargalmaa, Sarantuya"]
[Black "Bayarmaa, Bayarjargal"]
[Result "0-1"]
[WhiteElo "1801"]
[BlackElo "2012"]
[EventDate "2011.05.24"]
[PlyCount "92"]

1.e4 c5 2.Nf3 d6 3.d4 cxd4 4.Nxd4 Nf6 5.Nc3 a6 6.Be2 e6 7.O-O Nbd7 8.Be3 
b5 9.a3 Bb7 10.Bd3 Nc5 11.f3 Rc8 12.Rc1 Be7 13.b4 Ncd7 14.Nce2 Ne5 15.Nb3 
Ba8 16.Na5 Nc4 17.Bxc4 bxc4 18.c3 O-O 19.Nd4 Nd7 20.Qe2 Qc7 21.Rfd1 Ne5 
22.Rb1 Ng6 23.Bf2 Bg5 24.Bg3 Rfd8 25.Nc2 h5 26.Ne3 h4 27.Bf2 d5 28.exd5 
exd5 29.g3 hxg3 30.hxg3 Re8 31.f4 Bf6 32.Qd2 Rcd8 33.Nc2 Qd7 34.Bd4 Qg4 
35.Qf2 Bh4 36.Ne3 Rxe3 37.Qxe3 Bxg3 38.Kf1 Qh3+ 39.Kg1 Qh2+ 40.Kf1 Nxf4 
41.Rd2 Qh3+ 42.Kg1 Rd6 43.Qf3 Rg6 44.Rg2 Bh2+ 45.Kf2 Rxg2+ 46.Ke3 Re2# 0-1

[Event "zonal 3.3 (w)"]
[Site "Tagaytay City PHI"]
[Date "2011.05.25"]
[Round "2"]
[White "Chan Wei Yi, Victoria"]
[Black "Lo Yin Ling, Melissa"]
[Result "1-0"]
[WhiteElo "1955"]
[BlackElo "1874"]
[EventDate "2011.05.24"]
[PlyCount "99"]

1.d4 d5 2.c4 e6 3.Nc3 Nf6 4.cxd5 exd5 5.Bg5 Be7 6.e3 h6 7.Bh4 O-O 8.Qc2 c6
9.Bd3 Nbd7 10.Nf3 b6 11.Rb1 c5 12.O-O Bb7 13.Rfc1 Rc8 14.Qe2 c4 15.Bf5 Ra8
16.b3 cxb3 17.Rxb3 Nb8 18.Ne5 Ne8 19.Bxe7 Qxe7 20.Qf3 Qd8 21.Ng6 Nf6 22.
Nxf8 Kxf8 23.Nb5 Nc6 24.Qg3 Ne8 25.Qf4 a6 26.Nc3 Na5 27.Rbb1 Nc4 28.Rd1 
Nf6 29.Ne2 Bc6 30.Nc3 Bb7 31.Na4 Bc6 32.Nb2 Nd6 33.Rdc1 Bb7 34.Nd3 Kg8 35.
Ne5 Nb5 36.Ng4 Ne8 37.Bd3 Nbd6 38.Qg3 Kf8 39.h3 Nc8 40.Rc2 Ne7 41.Rbc1 Rc8
42.Rxc8 Bxc8 43.Ne5 Bb7 44.Qf3 Nf6 45.Qe2 Qa8 46.Rc7 Qb8 47.Qc2 Qa8 48.Qb3
b5 49.Qb4 Ng8 50.Qd6 1-0

[Event "zonal 3.3 (w)"]
[Site "Tagaytay City PHI"]
[Date "2011.05.25"]
[Round "3"]
[White "Le Kieu Thien Kim"]
[Black "Kharisma Sukandar, Irine"]
[Result "0-1"]
[WhiteElo "2221"]
[BlackElo "2362"]
[EventDate "2011.05.24"]
[PlyCount "94"]

1.c4 Nf6 2.Nc3 c5 3.Nf3 Nc6 4.g3 d5 5.cxd5 Nxd5 6.Bg2 Nc7 7.d3 e5 8.O-O 
Be7 9.b3 O-O 10.Bb2 Be6 11.Rc1 f6 12.Na4 b6 13.a3 Na5 14.Nd2 Rb8 15.Qc2 
Nb5 16.Nc4 Nb7 17.e3 Nc7 18.Nc3 Qd7 19.Ne2 Nd5 20.e4 Nc7 21.f4 b5 22.Nd2 
Rfd8 23.d4 exd4 24.Nxd4 cxd4 25.Qxc7 Qe8 26.Qc6 Qf7 27.b4 a5 28.e5 fxe5 
29.fxe5 Qg6 30.Ne4 Bc4 31.Rxc4 bxc4 32.Qxc4+ Kh8 33.Bxd4 axb4 34.axb4 Rbc8
35.Bc5 Nxc5 36.bxc5 Qh5 37.Qc3 Rd1 38.c6 Rxf1+ 39.Kxf1 Rf8+ 40.Ke1 Qxh2 
41.Bf3 Qg1+ 42.Ke2 Qb6 43.Nd6 Bxd6 44.exd6 Re8+ 45.Kd2 Qf2+ 46.Kc1 Re3 47.
Qb2 Re1+ 0-1

[Event "zonal 3.3 (w)"]
[Site "Tagaytay City PHI"]
[Date "2011.05.25"]
[Round "3"]
[White "Uuganbayar, Lkhamsuren"]
[Black "Le Thanh Tu"]
[Result "1/2-1/2"]
[WhiteElo "2159"]
[BlackElo "2328"]
[EventDate "2011.05.24"]
[PlyCount "67"]

1.e4 c6 2.d4 d5 3.exd5 cxd5 4.c4 Nf6 5.Nc3 Nc6 6.Bf4 a6 7.c5 g6 8.Nf3 Bg7 
9.h3 O-O 10.Be2 b6 11.Na4 bxc5 12.Nxc5 Ne4 13.Nb3 a5 14.Rc1 Qb6 15.O-O a4 
16.Nc5 Nxc5 17.dxc5 Qxb2 18.Qxd5 Qxe2 19.Qxc6 Be6 20.a3 Qa2 21.Qc7 Rfe8 
22.Be5 Bxe5 23.Qxe5 Qxa3 24.Nd4 Qa2 25.Rfe1 a3 26.Nxe6 Qxe6 27.Qxe6 fxe6 
28.Rxe6 a2 29.Ra1 Reb8 30.Rb6 Rxb6 31.cxb6 Kf7 32.b7 Rb8 33.Rxa2 Rxb7 34.
g3 1/2-1/2